00869cam a22002531 450000100060000000300080000600500170001400800410003103500190007203500190009104000330011004100080014308200200015110000350017124500440020626000460025030000320029650400200032861000500034865100460039894200120044499900170045695201420047327426BD-RjUL20211209051143.0140325t1950 ny 001 0 eng d a(BD-RjUL)27500 a(OCoLC)1315813 aDLCcODaUdDLCdBD-RjULbeng aeng00a956.9bPEA 19501 aPearlman, Moshe,d1911-98424214aThe army of Israel /cby Moshe pearlman aNew York :bPhilosophical Library,c1950. axiv, 256 p. :bill.c24 cm. aincludes index.10aIsrael.bTseva haganah le-Yiśraʾel.984248 0aPalestinexPolitics and government984244 2ddccBK c27426d27426 00102ddc40728NFICaRUCLbRUCLcReadingd1966-11-12eA. I Quraishig24.00l0o956.9 PEA 1950r2014-03-25 00:00:00tC-1w2014-03-25yBK